Digital electronics : (Record no. 21601)
[ view plain ]
| 000 -LEADER | |
|---|---|
| fixed length control field | 00788cam a22002535a 4500 |
| 001 - CONTROL NUMBER | |
| control field | 016335787 |
| 003 - CONTROL NUMBER IDENTIFIER | |
| control field | OSt |
| 005 - DATE AND TIME OF LATEST TRANSACTION | |
| control field | 20201128023717.0 |
| 008 - FIXED-LENGTH DATA ELEMENTS--GENERAL INFORMATION | |
| fixed length control field | 140308t2014 nyua fr 001 0 eng d |
| 020 ## - INTERNATIONAL STANDARD BOOK NUMBER | |
| International Standard Book Number | 9781259060922 (paperback) |
| 020 ## - INTERNATIONAL STANDARD BOOK NUMBER | |
| International Standard Book Number | 1259060926 (paperback) |
| 040 ## - CATALOGING SOURCE | |
| Original cataloging agency | IiNdDKA |
| Language of cataloging | eng |
| Transcribing agency | IiNdDKA |
| Modifying agency | EG-ScBUE |
| 082 04 - DEWEY DECIMAL CLASSIFICATION NUMBER | |
| Classification number | 621.381 |
| Edition number | 22 |
| Item number | TOK |
| 100 1# - MAIN ENTRY--PERSONAL NAME | |
| Personal name | Tokheim, Roger L. |
| 9 (RLIN) | 39799 |
| 245 10 - TITLE STATEMENT | |
| Title | Digital electronics : |
| Remainder of title | principles and applications / |
| Statement of responsibility, etc | Roger Tokheim. |
| 250 ## - EDITION STATEMENT | |
| Edition statement | 8th ed., McGraw-Hill international ed. |
| 260 ## - PUBLICATION, DISTRIBUTION, ETC. (IMPRINT) | |
| Place of publication, distribution, etc | New York : |
| Name of publisher, distributor, etc | McGraw Hill, |
| Date of publication, distribution, etc | c.2014. |
| 300 ## - PHYSICAL DESCRIPTION | |
| Extent | xvi, 560 p. : |
| Other physical details | ill. ; |
| Dimensions | 28 cm. |
| 500 ## - GENERAL NOTE | |
| General note | Index : p. 550-560. |
| 650 #7 - SUBJECT ADDED ENTRY--TOPICAL TERM | |
| Topical term or geographic name as entry element | Digital electronics |
| Form subdivision | Textbooks. |
| Source of heading or term | BUEsh |
| 9 (RLIN) | 1496 |
| 651 ## - SUBJECT ADDED ENTRY--GEOGRAPHIC NAME | |
| Source of heading or term | BUEsh |
| 653 ## - INDEX TERM--UNCONTROLLED | |
| Resource For college | Engineering, Electrical |
| Arrived date list | April2016 |
| 942 ## - ADDED ENTRY ELEMENTS (KOHA) | |
| Source of classification or shelving scheme | Dewey Decimal Classification |
| Withdrawn status | Item status | Source of classification or shelving scheme | Damaged status | Not for loan | Vendor | Home library | Current library | Shelving location | Date acquired | Source of acquisition | Cost, normal purchase price | Total Checkouts | Full call number | Barcode | Date last seen | Cost, replacement price | Koha item type |
|---|---|---|---|---|---|---|---|---|---|---|---|---|---|---|---|---|---|
| Dewey Decimal Classification | Baccah | Central Library | Central Library | First floor | 11/04/2016 | Purchase | 300.00 | 621.381 TOK | 000032307 | 15/07/2025 | 375.00 | NB - Book (Non borrowing) | |||||
| Dewey Decimal Classification | Baccah | Central Library | Central Library | First floor | 11/04/2016 | Purchase | 300.00 | 621.381 TOK | 000032308 | 15/07/2025 | 375.00 | Book - Borrowing | |||||
| Dewey Decimal Classification | Baccah | Central Library | Central Library | First floor | 11/04/2016 | Purchase | 621.381 TOK | 000032309 | 15/07/2025 | Book - Borrowing |